• 首页
  • 本馆介绍
  • 公告通知
  • 最新文献
  • 馆藏检索
  • 电子资源
  • 读者导购
  • 参考咨询
  • 我的图书馆
  • 登录
  • 详细信息显示
  • 放入我的书架
  • 预约/预借图书
  • 作者相关作品
  • 分类相关作品
  • 丛书相关作品
  • 出版社相关作品

书目信息

  • 表格格式
  • 工作单格式
  • 卡片格式
题名:
印第安人史话
    
 
作者: 任雪芳 著
分册:  
出版信息: 北京   商务印书馆  1981
页数: 56页
开本: 19cm
丛书名: 外国历史小丛书
单 册:
中图分类: K708
科图分类:
主题词: 美洲印第安人-民族历史 , 民族历史-美洲印第安人
电子资源:
ISBN:
000 00701nam2 2200265 45
001 0181009600
005 20070926150824.92
010    @dCNY0.18
091    @aCN@b11017.515
100    @a19950629d1981 em y0chiy0121 ea
101 0  @achi
102    @aCN@b110000
105    @ay z 000yy
200 10 @a印第安人史话@Ayin di an ren shi hua@f任雪芳著
210    @a北京@c商务印书馆@d1981
215    @a56页@d19cm
225 2  @a外国历史小丛书
410  0 @120010@a外国历史小丛书
606    @a美洲印第安人-民族历史
606    @a民族历史-美洲印第安人
690    @aK708@v3
701  0 @a任雪芳@Aren xue fang@4著
801  2 @aCN@bNLC@c20070926
801  0 @aCN@bTSSF@c20060802
905    @a10447@dK708@e5
    
    印第安人史话/任雪芳著.-北京:商务印书馆,1981
    56页;19cm.-(外国历史小丛书)
    
    
    ISBN :CNY0.18
    
●
相关链接 在E读中查询图书 在五车中查询图书 在当当中查询图书 在豆瓣中查询图书


正题名:印第安人史话     索取号:K708/5         预约/预借

序号 登录号 条形码 馆藏地/架位号 状态 备注
1 0436100   204361001   密集书库/ [索取号:K708/5] 在馆    
2 0436101   204361010   密集书库/ [索取号:K708/5] 在馆    
3 0444251   204442512   密集书库/ [索取号:K708/5] 在馆    
4 0462634   204626342   密集书库/ [索取号:K708/5] 在馆    
5 0462635   204626351   密集书库/ [索取号:K708/5] 在馆    
6 0462636   204626360   密集书库/ [索取号:K708/5] 在馆    
7 0609293   206092930   密集书库/ [索取号:K708/5] 在馆    
唐山师范学院图书馆 欢迎您!
大连网信软件有限公司© 版权所有